000 00600nam a2200229Ia 4500
003 OSt
005 20221006164003.0
006 a|||||r|||| 00| 0
007 ta
008 221006b |||||||| |||| 00| 0 eng d
024 _a2,740
037 _cTextual
040 _aFML
_cFML
_beng
041 _2eng
_aeng
082 _aNR441, 3, M9
100 _aSastri S Subrahmanya Au.
_9676380
245 0 _aMelaragamalika
260 _aChennai
_bAdyar Library
_c1989
300 _a86
_ccm.
942 _hNR441, 3, M9
_cTEXL
_2CC
999 _c1115913
_d1115913